Sex and society : (Record no. 184679)
[ view plain ]
| 000 -LEADER | |
|---|---|
| fixed length control field | 01102 a2200217 4500 |
| 003 - CONTROL NUMBER IDENTIFIER | |
| control field | NUST |
| 005 - DATE AND TIME OF LATEST TRANSACTION | |
| control field | 20221214142030.0 |
| 010 ## - LIBRARY OF CONGRESS CONTROL NUMBER | |
| LC control number | 73014185 |
| 020 ## - INTERNATIONAL STANDARD BOOK NUMBER | |
| International Standard Book Number | 0405055293 |
| 040 ## - CATALOGING SOURCE | |
| Transcribing agency | Nust |
| 082 00 - DEWEY DECIMAL CLASSIFICATION NUMBER | |
| Classification number | 306.7,WAL |
| 100 1# - MAIN ENTRY--PERSONAL NAME | |
| Personal name | Walker, Kenneth |
| 9 (RLIN) | 104841 |
| 245 10 - TITLE STATEMENT | |
| Title | Sex and society : |
| Remainder of title | a psychological study of sexual behaviour in competitive culture / |
| Statement of responsibility, etc. | Kenneth Walker, Peter Fletcher |
| 260 ## - PUBLICATION, DISTRIBUTION, ETC. | |
| Place of publication, distribution, etc. | New York, |
| Name of publisher, distributor, etc. | Arno Press |
| Date of publication, distribution, etc. | 1955 |
| 300 ## - PHYSICAL DESCRIPTION | |
| Extent | vii, 236 p.; |
| Dimensions | 21 cm. |
| 440 #0 - SERIES STATEMENT/ADDED ENTRY--TITLE | |
| Title | Perspectives in social inquiry |
| 9 (RLIN) | 104842 |
| 505 ## - FORMATTED CONTENTS NOTE | |
| Formatted contents note | Life, Growth and Evolution (Page-1), Love and the Sexual Difference (Page-13), Sex in Infancy (Page-33), Sex and the Springs of Action (Page-46), The Sexual Difficulties of Youth (Page-60), Sex at Puberty and After (Page-74), Sexual Morality Before Marriage (Page-89), Sex In Marriage (Page-105), Introduction to Neurosis (Page-123), Functional Impotence (Page-146), The Homosexual (Page-166), Transvestism and Sado-Masochism (Page-193), sex and Society(Page-211). |
| 650 #0 - SUBJECT ADDED ENTRY--TOPICAL TERM | |
| Topical term or geographic name entry element | Sex. |
| 650 #0 - SUBJECT ADDED ENTRY--TOPICAL TERM | |
| Topical term or geographic name entry element | Women |
| General subdivision | Social conditions. |
| 9 (RLIN) | 36422 |
| 942 ## - ADDED ENTRY ELEMENTS (KOHA) | |
| Source of classification or shelving scheme | |
| Koha item type | Book |
| Call number prefix | 306.7,WAL |
| Withdrawn status | Lost status | Source of classification or shelving scheme | Damaged status | Not for loan | Permanent Location | Current Location | Shelving location | Date acquired | Full call number | Barcode | Date last seen | Price effective from | Koha item type | Public note |
|---|---|---|---|---|---|---|---|---|---|---|---|---|---|---|
| Military College of Signals (MCS) | Military College of Signals (MCS) | General Stacks | 12/12/2016 | 306.7,WAL | MCS29634 | 12/08/2016 | 12/12/2016 | Book | Almirah No.49, Shelf No.3 |
